000 00635nam a2200181Ia 4500
008 151018s9999 xx 000 0 und d
082 _bRBASDV53801
_a920
100 _aजयंत पवार
245 _aफिनिक्सच्या राखेतून उठला
250 _b1
260 _bग्रंथाली
_c2010
300 _a186
600 _aजयंत पवार
630 _aफिनिक्सच्या राखेतून उठला
700 _aजयंत पवार
730 _aफिनिक्सच्या राखेतून उठला
942 _cBOOK
999 _c1051608
_d1051605